| 000 | 01144njm a22002777a 4500 | ||
|---|---|---|---|
| 005 | 20100901110328.0 | ||
| 007 | sd ammalaaahaa | ||
| 008 | 100901t xxu||||| |||| 00| 0 hin d | ||
| 028 |
_aN. 88104 _bHis Master's voice |
||
| 028 |
_aOJW. 2755 _bHis Master's Voice |
||
| 028 |
_aOJW. 2756 _bHis Master's Voice |
||
| 035 | _aGR-179 | ||
| 040 | _aSED/VEN | ||
| 100 |
_aTalat Mahmood _917846 |
||
| 245 |
_aRaat andheri door kinara part 1 : _bHindustani / _cby Talat Mahmood ; music by V. Balsara ; lyric by Bharat Vyas _h[sound recording] : |
||
| 246 | _aरात अँधेरी दूर किनारा (तलत महमूद ) | ||
| 260 |
_aDum Dum India _bHis Master's Voice |
||
| 300 |
_a1 sound disc [Gramophone recording] : _banalog, 33 1/3 rpm _c10 in. |
||
| 500 | _aBrief Record | ||
| 505 | _aHam ne kisee ki aenkho (हम ने किसी की आँखों ) पार्ट 2 | ||
| 650 |
_aClassical music _xExcerpts. _zIndia _917847 |
||
| 700 |
_aBalsara, V. _917848 |
||
| 700 |
_aBharat Vyas _917849 |
||
| 942 |
_2ddc _cGR |
||
| 999 |
_c43307 _d43307 |
||